000 00452 a2200169 4500
001 72720
020 _a8574724165
040 _cAnchieta - Colégio São Paulo
100 _aFerreira, Aurélio Buarque de Holanda
240 1 0 _aMini Aurélio, o dicionário da Língua Portuguesa
_lpor
245 1 0 _aMini Aurélio, o dicionário da Língua Portuguesa
300 _a895
362 0 _a2006
440 1 _aPositivo
650 4 _aPortuguês
942 _cBK
999 _c72720
_d72720